=LDR 00000nam 2200000 4500 =001 INLIS000000000045075 =990 ##$$a 21418470 =005 20170116110040.0 =990 ##$$a 21418467 =006 =990 ##$$a 21418468 =007 =990 ##$$a 21418469 =008 =990 ##$$a 21601441/BPAP-NTB/2017 =020 ##$$a 602-8505-99-4 =035 ##$$0010-121400000000225 =040 ##$$a NBPDMAT =082 ##$$a 967.91 =090 ##$$a 967.91 $b Qur e =100 ##$$a Quratulaini =245 ##$$a Ensiklopedia pengetahuan populer : $b Seri hewan besar bumi dan masa mesozoik / $c Quratulaini ; editor, Taufik Hendra =260 ##$$a Jakarta : $b Multazam Mulia Utama, $c 2012. =300 ##$$a 58 hlm. $b ilus. ; $c 29 cm. =500 ##$$a Bibliografi : hlm. 58 =650 ##$$a Dinosaurus =700 ##$$a Taufik Hendra =850 ##$$a NBPDMAT